General Knowledge— H - Statistics

General Stats
  • This quiz has been taken 63 times
  • The average score is 14 of 35
Answer Stats
Hint Answer % Correct
Sled dog Husky
90%
Japanese city destroyed by an atomic bomb Hiroshima
78%
Frozen rain Hail
76%
Capital of Finland Helsinki
75%
Religious song or poem Hymn
69%
Landlocked country bisected by the Danube River Hungary
67%
Surgical removal of the uterus Hysterectomy
63%
Type of bed suspended between two points Hammock
61%
Car rental company Hertz
61%
Mark caused by a lover biting or sucking the skin Hickey
59%
Gardening tool with a thin metal blade Hoe
53%
Capital of Connecticut Hartford
51%
Head-covering found in Islamic culture Hijab
51%
One who is abnormally anxious about their health Hypochondriac
51%
Inflammation of the liver Hepatitis
49%
Tinseltown Hollywood
49%
Trancelike state in which a subject becomes highly suggestive Hypnosis
43%
2016 Best-Musical Tony Winner Hamilton
33%
Fine-toothed blade originally made for cutting metal Hacksaw
29%
An unsophisticated country person Hillbilly
27%
Slang term for the buttocks Hiney
25%
Underwear manufacturer Hanes
24%
Excessive pride or self-confidence Hubris
24%
Diamorphine Heroin
22%
1080p+ HD
20%
Form of Japanese cooking Hibachi
20%
Standard markup language for creating web pages and applications HTML
18%
Cable channel related to home improvement and real estate HGTV
16%
Seller of men's clothing/ accessories Haberdasher
14%
Mercury Hermes
14%
State fruit of Idaho Huckleberry
10%
OH- Hydroxide
10%
This Hint
4%
Board game from medieval Scandinavia known as "Viking Chess" Hnefatafl
0%
Tartufferie Hypocrisy
0%
No matching quizzes found
Score Distribution
Percent of People with Each Score
Percentile by Number Answered
Your Score History
You have not taken this quiz